| Tag |
First Indicator |
Second Indicator |
Subfields |
| LEADER |
00000cam a22000004a 4500 |
| 001 |
in00002403321 |
| 005 |
20151109101657.0 |
| 008 |
080829s1965 fr a 000 0 fre c |
| 035 |
|
|
|a (OCoLC)ocn244647721
|
| 035 |
|
|
|a (OCoLC)244647721
|
| 040 |
|
|
|a TXA
|c TXA
|d UtOrBLW
|
| 042 |
|
|
|a pcc
|
| 049 |
|
|
|a TXAM
|
| 050 |
|
4 |
|a QL543
|b .E279 1965
|
| 100 |
1 |
|
|a Eeckhoudt, Jean Pierre vanden,
|d 1919-
|
| 245 |
1 |
0 |
|a Papillons de jour /
|c Jean-Pierre Vanden Eeckhoudt.
|
| 264 |
|
1 |
|a Paris :
|b L'école des loisirs,
|c 1965.
|
| 300 |
|
|
|a 78 pages :
|b illustrations (some color) ;. ;
|c 19 x 21 cm.
|
| 336 |
|
|
|a text
|b txt
|2 rdacontent
|
| 337 |
|
|
|a unmediated
|b n
|2 rdamedia
|
| 338 |
|
|
|a volume
|b nc
|2 rdacarrier
|
| 490 |
0 |
|
|a Collection Visages de la nature
|
| 500 |
|
|
|a "139 photos de l'auteur."
|
| 650 |
|
0 |
|a Butterflies
|v Pictorial works.
|
| 936 |
|
|
|a PR 30784017
|
| 948 |
|
|
|a cataloged
|b h
|c 2008/8/29
|d o
|e fpiscitelli
|f 7:57:04 pm
|
| 994 |
|
|
|a C0
|b TXA
|
| 999 |
|
|
|a MARS
|
| 999 |
f |
f |
|s 0f7b9529-e389-38a7-8707-7bc01cbca055
|i 518766d2-4abd-3c58-afc3-0909eebe6dee
|t 0
|
| 952 |
f |
f |
|p ric
|a Texas A&M University
|b Rellis Campus
|c Joint Library Facility
|d Remote Storage
|t 0
|e QL543 .E279 1965
|h Library of Congress classification
|i unmediated -- volume
|m A14837253940
|
| 998 |
f |
f |
|a QL543 .E279 1965
|t 0
|l Remote Storage
|